000 00628nam a2200241Ia 4500
003 OSt
005 20221007062406.0
006 a|||||r|||| 00| 0
007 ta
008 221006b |||||||| |||| 00| 0 eng d
024 _a17,340
037 _cTextual
040 _aFLL
_cFLL
_beng
041 _2eng
_aeng
082 _aXM55:Z2, M7
100 _aIyengar T.R.S. Au.
245 0 _aCompanies administration
250 _a2nd
260 _aAllahabad
_bLaw book company pvt. ltd. India
_c1987
300 _a417p
_ccm.
942 _hXM55:Z2, M7
_cTEXL
_2CC
999 _c1128484
_d1128484